000 01046nam0a22002651 4500
001 rc\3273012
005 20250609172726.0
021 _aRU
_bРг4433-72
021 _aRU
_b72-8783
035 _a(NLR Aleph) 007393671
090 _a6637634
_c6637634
100 _a20130115d1971 |||y0rusy50 ca
101 0 _arus
102 _aRU
105 _ay z |||||
200 1 _aЗакон Татарской Автономной Советской Социалистической Республики о районном Совете депутатов трудящихся Татарской АССР
_eПроект
_fВторая сессия Верховного Совета Тат. АССР восьмого созыва
210 _a[Казань
_cб. и.
_d1971]
215 _a31 с.
_d26
740 1 _aТатарская АССР
_tЗаконы и постановления
_9855746
_3RU\NLR\AUTH\880595142
801 0 _aRU
_bNLR
_gpsbo
801 1 _aRU
_bELAR
_2rusmarc
852 _aNLR
_j72-7/356
942 _cBOOK
980 _aNB